25 Biggest Cities along the Dnieper River with a Blank Map - Statistics

General Stats
  • This quiz has been taken 208 times
  • The average score is 7 of 25
Answers on the Map
Answers color-coded by a green-red scale on the quiz's map according to % correct below.
 
Answer Stats
Answer Population % Correct
Kyiv 2 962 180
100%
Dnipro 980 948
89%
Kherson 283 649
69%
Zaporizhia 722 713
66%
Smolensk 320 170
56%
Mogilev 357 404
45%
Cherkasy 272 651
40%
Nikopol 107 464
31%
Kremenchuk 217 710
30%
Kamianske 229 794
23%
Orsha 106 505
19%
Enerhodar 52 887
17%
Nova Kakhovka 45 069
16%
Kakhovka 35 400
11%
Kaniv 23 503
11%
Rečyca 66 327
11%
Žlobin 77 409
11%
Rahachow 32 878
9%
Vyshhorod 32 396
9%
Svitlovods'k 43 931
8%
Pereiaslav 26 576
7%
Dniprorudne 18 036
6%
Horishni Plavni 50 414
6%
Marhanets' 45,718
6%
Oleshky 24 383
5%
No matching quizzes found
Score Distribution
Percent of People with Each Score
Percentile by Number Answered
Your Score History
You have not taken this quiz